000 00732nam a2200265 a 4500
001 BRL_1427
005 20190320211211.0
008 140114s1978----mx-#######---#000-0#spa-#
020 _a9682700450
041 _aspa
044 _amx
050 4 _aPM3968.5
_b.S63 1978
100 1 _aSodi M., Demetrio
_922706
245 1 0 _aLa literatura de los mayas
_cpor Demetrio Sodi M.
250 _a5a ed.
260 _aMéxico
_bEditorial Joaquín Mortiz
_c1978
300 _a158 p.
_c19 cm.
440 0 _aEl Legado de la América Indígena
_926873
500 _aAu1707
500 _aIncluye dedicatoria a Ruth Lechuga
504 _aBibliography: p. 157-158
650 1 4 _aLiteratura maya
_926874
902 _aGRL
942 _2lcc
_cB
999 _c10237
_d10237